00508pam a2200145 a 4500020000500000041000500005082001500010100002100025245004900046260004200095300001700137930000900154999001900163952018000182 c h a741.6bDON aDaniel Donnely . a999 Logo Design Elements hTextual Documents a[s.l]:bPage one Publishing ,c2011. a208:bpaper. a6002 c239792d239792 001040708Text BooksaFAPbFAPd2010-10-08eBhararti Sahakari Grahak Bhandarg1737.63l3o741.6 DONpFAP-6358q2025-12-30r2025-12-23 00:00:00s2025-12-23t1w2023-03-07yBK